| 000 | 00618nab#a2200205#c#4500 | ||
|---|---|---|---|
| 999 |
_c53257 _d53257 |
||
| 003 | IEF | ||
| 005 | 20191205184624.0 | ||
| 008 | 950704s1975 uuu|| #####0 b| |u | ||
| 040 |
_aIEF _cES-MaIEF |
||
| 100 | 1 |
_aArgüello Reguera, Ceferino _92050 |
|
| 245 |
_aLa toma de decisiones presupuestarias _bEl análisis coste-beneficio _cCeferino Argüello Reguera |
||
| 260 | _c1975 | ||
| 650 | 4 |
_aPRESUPUESTOS _948131 |
|
| 650 | 4 |
_aTOMA DE DECISIONES _948576 |
|
| 650 | 4 |
_aANALISIS COSTE BENEFICIO _950209 |
|
| 773 | 0 |
_tHacienda pública española _w34570 _g36, p. 225-242 |
|
| 942 | _2udc | ||
| 942 | _2udc | ||